000
00287nam a22001097a 4500
082
_a
629.8323 DAV'E
100
_a
LEDGERWOOD, B. K,DAVIS, S. A
_9
77153
245
_a
ELECTROMECHANICAL COMPONENTS FOR SERVOMECHANISM
260
_a
NEWYORK
_b
MCGRAW HILL
_c
1961
300
_a
338P
942
_c
BK
999
_c
582474
_d
582474